Regiones folkloricas argentinas [fotocopia] /

Guardado en:
Autor Principal: Gestoso Jorge
Formato: Libro
Publicado: Buenos Aires : Acaecer, 0
Materias:
Fc
Etiquetas: Agregar Etiqueta
Sin Etiquetas, Sea el primero en etiquetar este registro!
LEADER 00501nam a22001815a 4500
001 CEM.cems007923
005 20060214000000.0
008 130507b######################000#0#####d
003 CEMS
082 0 4 |a F398 
100 1 |a Gestoso Jorge 
245 1 0 |a Regiones folkloricas argentinas [fotocopia] / 
260 |a Buenos Aires :  |b Acaecer, 0 
300 |a 2 p. 
653 |a Fc 
653 |a Folclore argentino 
653 |a Folclore argentino-regiones 
859 |a CEMS  |b BIB. CEMS - 11 de abril  |h F398  |i 1-1  |p 415.44  |t Ej.1